| 000 | 01859nam a2200385 i 4500 | ||
|---|---|---|---|
| 001 | 193312 | ||
| 003 | SpMaBN | ||
| 005 | 20250712063138.0 | ||
| 007 | ta | ||
| 008 | 231102s2022 sp | |||| 000 0 spa | ||
| 017 |
_aM 6746-2022 _bOficina Depósito Legal Madrid |
||
| 020 | _a9788413881287 | ||
| 035 | _aa7110100 | ||
| 040 |
_aSpMaBN _bspa _cSpMaBN _erda _dES-MaACL |
||
| 080 | _a347.56(460)"20"(094.9):614.25 | ||
| 245 | 0 | 0 |
_aResponsabilidad médico-sanitaria / _cMariano José Herrador Guardia, director. |
| 264 | 1 |
_a[Las Rozas (Madrid)] : _bSepín, _c[2022] |
|
| 300 |
_a769 páginas ; _c25 cm |
||
| 336 |
_aTexto _2rdacontent |
||
| 337 |
_asin mediación _2rdamedia |
||
| 338 |
_avolumen _2rdacarrier |
||
| 500 | _aÍndice | ||
| 504 | _aReferencias bibliográficas | ||
| 520 | _aUna completa actualización y revisión del estado actual de la cuestión en una materia como la responsabilidad civil en el ámbito sanitario, que afecta y genera jurisprudencia en varias jurisdicciones. Veinte trabajos doctrinales de máxima calidad, realizados exclusivamente por jueces y académicos del más alto nivel, con la coordinación y dirección de un abogado de excelencia en la especialidad. | ||
| 650 | 0 |
_aMédicos- _xResponsabilidad profesional- _zEspaña _2embne _9234453 |
|
| 655 | 0 |
_aJurisprudencia _2tgfbne _9176550 |
|
| 700 | 1 |
_aHerrador Guardia, Mariano José _epbd _9151606 |
|
| 852 |
_aES-MaACL _9200752 _bR.154801 _jN-9506 _cDEPOJ _hDonación: Mariano José Herrador Guardia _xEncuadernación cartoné |
||
| 903 |
_aHerrador Guardia, Mariano José _ednr _9151606 |
||
| 942 |
_n0 _cMONOGRAFIA |
||
| 999 |
_c193312 _d193312 |
||